000 00595nam a2200193Ia 4500
003 GCL
008 140319s9999 xx 000 0 ara d
040 _aGCL /
_cGCL
082 0 4 _a891.7
_bى د
100 1 _aيرميلوف، فلاديمير
245 1 0 _aدوستوفسكى وعالمه الروائى /
_cيرميلوف، فلاديمير
700 1 _aحسين بيومى
300 _a259 ص
490 _aالالف كتاب الثانى
_v0
650 0 4 _aالادب الروسى
650 0 4 _aدوستويفسكى
650 0 4 _aالقصص الروسية - نقد
942 _2ddc
_cBK
999 _c50049
_d50049